000 00714nam a2200205Ii 4500
003 JO-AjNU
008 230605s9999||||xx |||||||||||||| ||und||
040 _aJO-AjNU
_bara
_erda
_cJO-AjNU
041 _aara
050 1 4 _aBF1028.F3788.2006
100 3 _aكاظم،فريد مجيد,
_eauthor
_97720
245 0 0 _aغرباء وخارقون ودخلاء:دراسة في الباراسيكولوجي لا تخلو من الخيال
250 _aط1
264 3 1 _aعمان:دار الرائد للنشر والتوزيع ،2006
300 _a184ص
336 _atext
_btxt
_2rdacontent
337 _aunmediated
_bn
_2rdamedia
338 _avolume
_bnc
_2rdacarrier
650 4 _aعلم النفس الخوارق
_97721
999 _aA423
_c3991
_d3991